000
00289nam a22001337a 4500
003
SGT
020
_a
8179100197
082
_a
371.102,THO
100
_a
THOMAS, B.
245
_a
CLASSROOM ENVIRONMENT IN CHILD EDUCATION
260
_a
JAIPUR
_b
APD
_c
2002
300
_a
184
942
_2
ddc
_c
BK
999
_c
33480
_d
33480